LEADER 01239nam--2200397---450- 001 990003387330203316 005 20100415100348.0 010 $a972-27-0874-0 035 $a000338733 035 $aUSA01000338733 035 $a(ALEPH)000338733USA01 035 $a000338733 100 $a20100415d1998----km-y0itay50------ba 101 $apor 102 $aPT 105 $a||||||||001yy 200 1 $aCartas entre Fernando Pessoa e os directores da presença$fediçao e estudo de Enrico Martines 210 $aLisboa$cImpr. Nac. - Casa da Moeda$d1998 215 $a450 p.$d25 cm 225 2 $aEdição crítica de Fernando Pessoa$iEstudos$v2 410 0$12001$aEdição crítica de Fernando Pessoa$iEstudos 454 1$12001 461 1$1001-------$12001 600 0 $aPessoa, Fernando$xCorrispondenza 676 $a821.134 700 1$aPESSOA,$bFernando$0329680 702 1$aMARTINES,$bEnrico 801 0$aIT$bsalbc$gISBD 912 $a990003387330203316 951 $aII.6.A.295$b9002 DSLL 959 $aBK 969 $aDSLL 979 $aDSLL$b90$c20100415$lUSA01$h0953 979 $aDSLL$b90$c20100415$lUSA01$h1003 996 $aCartas entre Fernando Pessoa e os directores da presença$91127278 997 $aUNISA LEADER 01270nas 2200469- 450 001 9910679259703321 005 20240111213018.0 011 $a2334-1203 035 $a(OCoLC)871686356 035 $a(CKB)2670000000555385 035 $a(CONSER)--2014201580 035 $a(EXLCZ)992670000000555385 100 $a20140307a20149999 --- a 101 0 $aeng 135 $aur||||||||||| 181 $ctxt$2rdacontent 182 $cc$2rdamedia 183 $acr$2rdacarrier 200 00$aCraft beer & brewing 210 1$aFort Collins, CO :$cUnfiltered Media Group, LLC,$d2014- 311 $a2334-119X 517 1 $aCraft beer & brewing magazine 517 1 $aCraft beer and brewing 531 0 $aCraft beer brew. 606 $aBeer 606 $aBeer industry 606 $aBrewing 606 $aBeer$2fast$3(OCoLC)fst00829736 606 $aBeer industry$2fast$3(OCoLC)fst00829764 606 $aBrewing$2fast$3(OCoLC)fst00838522 608 $aPeriodicals.$2fast 615 0$aBeer. 615 0$aBeer industry. 615 0$aBrewing. 615 7$aBeer 615 7$aBeer industry 615 7$aBrewing. 676 $a641.873 906 $aJOURNAL 912 $a9910679259703321 996 $aCraft beer & brewing$93081527 997 $aUNINA